000 00212 a2200097 4500
001 47430
100 _aGorlitz W
245 _athe Kaiser and his count
260 _aLondon
_bMacdonald
_c
090 _c30458
_d30458
942 _aNUST-CAE
_cM
_c22734
999 _c282503
_d282503